000 00338nam a2200145Ia 4500
100 _aAICTE
942 _cBK
654 _aComputer
245 _aInternet and Email App C-NO : 585
260 _bContinuing Education Programmer AICTE
_aBangalore
_c1996
082 _a5.71
_bAICTE
300 _a66
546 _aENGLISH
999 _c28262
_d28262